LEADER 03914nam a2200913 i 4500
001 nkc20152769868
003 CZ PrNK
005 20160602105120.0
007 ta
008 151229s2016 xr ach f 000 0deng
015 |a cnb002769868 
020 |a 978-80-7036-477-2  |q (vázáno) 
035 |a (OCoLC)951553106 
040 |a BOA001  |b cze  |e rda 
041 1 |a eng  |h cze 
043 |a e-xr---  |b e-xr-pg  |2 czenas 
045 |a w1y1 
072 7 |a 069  |x Muzea. Muzeologie. Muzejnictví. Výstavy  |2 Konspekt  |9 12 
080 |a 069(1-4)  |2 MRF 
080 |a 727.7  |2 MRF 
080 |a 069.5  |2 MRF 
080 |a 069(091)  |2 MRF 
080 |a (437.311)  |2 MRF 
080 |a (048.8:082)  |2 MRF 
080 |a (082.2)  |2 MRF 
080 |a (084.11)  |2 MRF 
100 1 |a Sklenář, Karel,  |d 1938-  |7 jk01111527  |4 aut 
245 1 4 |a The great book of the National Museum /  |c Karel Sklenář, Lubomír Sršeň, Michal Stehlík, Dagmar Štefancová, Pavel Douša, Ivan Malý, Milena Secká, Kateřina Nová, Kateřina Viktorová, Ludmila Fiedlerová, Hanuš Jordan, Dana Stehlíková, Jan Pohunek, Věra Šustíková, Jana Vojtěšková, Pavel Onderka, Jaroslav Richter ; translated by Jan Táborský 
246 3 0 |a National Museum 
250 |a First edition 
264 1 |a Prague :  |b National Museum,  |c 2016 
300 |a 301 stran :  |b ilustrace (převážně barevné), portréty, faksimile ;  |c 27 cm 
336 |a text  |b txt  |2 rdacontent 
336 |a statický obraz  |b sti  |2 rdacontent 
337 |a bez média  |b n  |2 rdamedia 
338 |a svazek  |b nc  |2 rdacarrier 
500 |a Přeloženo z češtiny 
610 2 7 |a Národní muzeum (Praha, Česko)  |7 kn20010709075  |2 czenas 
648 7 |a 19.-21. století  |7 ch757016  |2 czenas 
648 4 |a 1818-2018 
650 0 7 |a národní muzea  |7 ph123435  |z Česko  |y 19.-21. století  |2 czenas 
650 0 7 |a muzejní budovy  |7 ph135197  |z Česko  |2 czenas 
650 0 7 |a muzejní sbírky  |7 ph137908  |z Česko  |y 19.-21. století  |2 czenas 
650 0 7 |a dějiny muzeí  |7 ph525328  |z Česko  |y 19.-21. století  |2 czenas 
650 0 9 |a national museums  |z Czechia  |y 19th-21st centuries  |2 eczenas 
650 0 9 |a museum buildings  |z Czechia  |2 eczenas 
650 0 9 |a museum collections  |z Czechia  |y 19th-21st centuries  |2 eczenas 
650 0 9 |a history of museums  |z Czechia  |y 19th-21st centuries  |2 eczenas 
651 7 |a Praha (Česko)  |7 ge118011  |2 czenas 
651 9 |a Prague (Czechia)  |2 eczenas 
655 7 |a kolektivní monografie  |7 fd501537  |2 czenas 
655 7 |a jubilejní publikace  |7 fd131839  |2 czenas 
655 7 |a obrazové publikace  |7 fd132947  |2 czenas 
655 9 |a collective monographs  |2 eczenas 
655 9 |a jubilee books  |2 eczenas 
655 9 |a pictorial works  |2 eczenas 
700 1 |a Sršeň, Lubomír,  |d 1949-  |7 mzk2002148090  |4 aut 
700 1 |a Stehlík, Michal,  |d 1976-  |7 jo20000069389  |4 aut 
700 1 |a Štefancová, Dagmar,  |d 1957-  |7 ola2008419383  |4 aut 
700 1 |a Douša, Pavel,  |d 1979-  |7 xx0203381  |4 aut 
700 1 |a Malý, Ivan,  |d 1978-  |7 pna2011672510  |4 aut 
700 1 |a Secká, Milena,  |d 1957-2021  |7 xx0001432  |4 aut 
700 1 |a Nová, Kateřina,  |d 1985-  |7 mzk2011673584  |4 aut 
700 1 |a Viktorová, Kateřina  |7 xx0203382  |4 aut 
700 1 |a Fiedlerová, Ludmila  |7 hka2016913523  |4 aut 
700 1 |a Jordan, Hanuš,  |d 1961-  |7 xx0148914  |4 aut 
700 1 |a Stehlíková, Dana,  |d 1954-  |7 xx0013684  |4 aut 
700 1 |a Pohunek, Jan,  |d 1981-  |7 pag2008446275  |4 aut 
700 1 |a Šustíková, Věra,  |d 1956-  |7 xx0007441  |4 aut 
700 1 |a Vojtěšková, Jana,  |d 1958-  |7 jo2002159893  |4 aut 
700 1 |a Onderka, Pavel,  |d 1982-  |7 ola20040616003  |4 aut 
700 1 |a Richter, Jaroslav,  |d 1973-  |7 xx0079652  |4 aut 
700 1 |a Táborský, Jan  |4 trl 
710 2 |a Národní muzeum (Praha, Česko)  |7 kn20010709075  |4 isb 
910 2 |a BOA001  |b 3-1366.484 
990 |a BK 
995 |a 01 
991 |b 201605  |c NOV 
996 6 |b 2610669573  |c 3-1366.484  |l MZK  |r Sklad / do 1 hodiny  |n 1  |p p.v.  |w 001559245  |u 000010  |a 1  |e BOA001  |j MZK50  |s P